000 00457nam a2200145Ia 4500
008 211109s9999||||xx |||||||||||||| ||und||
082 _a270
_bGIB-C
100 _aGibbon, Edward
245 0 _aChristianity and the Decline of Rome
260 _bJ.M.Dent & Sons Ltd
_aMisplace
_c1961
300 _a512p.
630 _xGeneral Stack
650 _aHistory of Christianity & Christian church
_vRome (Empire)Christianitycatholic church
_xGeneralia
942 _cBOOK
999 _c28259
_d28259